[Event "Havana Province-ch U14+"]
[Site "Havana"]
[Date "2010.03.25"]
[Round "4"]
[White "Girones Barrios, Yans Richard"]
[Black "Lao Sariol, Reinier"]
[Result "1-0"]
[WhiteElo "2176"]
[BlackElo "2056"]
[PlyCount "81"]
[EventDate "2010.03.21"]
[EventType "tourn"]
[EventRounds "13"]
[EventCountry "CUB"]
[EventCategory "1"]
[SourceTitle "EXT 2012"]
[Source "ChessBase"]
[SourceDate "2011.11.24"]
[SourceVersion "1"]
[SourceVersionDate "2011.11.24"]
[SourceQuality "1"]

1. d4 e6 2. c4 f5 3. Nc3 Nf6 4. e3 Be7 5. Bd3 0-0 6. Nf3 d5 7. 0-0 Ne4 8. cxd5 exd5 9. Qb3 c6 10. Nxe4 fxe4 11. Bxe4 Be6 12. Bd3 Qc8 13. Ne5 Nd7 14. Qc2 Nf6 15. f4 Qe8 16. h3 Qh5 17. Bd2 Bd6 18. Rae1 Ne4 19. Bxe4 dxe4 20. Qxe4 Bxa2 21. Qc2 Be6 22. Nc4 Be7 23. e4 Bf6 24. Be3 Qb5 25. Rc1 Kh8 26. e5 Be7 27. f5 Bxc4 28. Qxc4 Qxb2 29. Rb1 Qa3 30. Bc1 Qg3 31. Rxb7 Bg5 32. Rb3 Qh4 33. Bxg5 Qxg5 34. Qxc6 Qd8 35. Qe4 Rc8 36. e6 Re8 37. Rb7 Rc7 38. Rfb1 Rxb7 39. Rxb7 Qa8 40. f6 gxf6 41. Qxh7# 1-0